Información pública contra el proyecto de ley de auxilios a las compañías de ferrocarriles verificada por la representación de esta cámara ante la comisión de señores senadores los días 11, 13 y 14 de julio de 1896 / (Record no. 184271)
[ view plain ]
| 000 -LEADER | |
|---|---|
| campo de control de longitud fija | 00801nam a2200181 i 4500 |
| 001 - NÚMERO DE CONTROL | |
| campo de control | 184271 |
| 003 - IDENTIFICADOR DE NÚMERO DE CONTROL | |
| campo de control | ES-MaACL |
| 005 - FECHA Y HORA DE LA ÚLTIMA TRANSACCIÓN | |
| campo de control | 20250901095956.0 |
| 008 - DATOS DE LONGITUD FIJA--INFORMACIÓN GENERAL | |
| campo de control de longitud fija | 150605s1896 sp |||| | spa d |
| 080 ## - NÚMERO DE LA CLASIFICACIÓN DECIMAL UNIVERSAL | |
| Número de la Clasificación Decimal Universal | 338.47(460):656.2 |
| 110 2# - ENTRADA PRINCIPAL--NOMBRE DE ENTIDAD CORPORATIVA | |
| Nombre de entidad corporativa o nombre de jurisdicción como elemento de entrada | Cámara de Comercio, Industria y Navegación de Madrid |
| 9 (RLIN) | 2367 |
| 245 10 - MENCIÓN DEL TÍTULO | |
| Título | Información pública contra el proyecto de ley de auxilios a las compañías de ferrocarriles verificada por la representación de esta cámara ante la comisión de señores senadores los días 11, 13 y 14 de julio de 1896 / |
| Mención de responsabilidad, etc. | Cámara Oficial de Comercio, Industria y Navegación de Madrid. |
| 260 ## - PUBLICACIÓN, DISTRIBUCIÓN, ETC. | |
| Lugar de publicación, distribución, etc. | Madrid : |
| Nombre del editor, distribuidor, etc. | [s.n.], |
| Fecha de publicación, distribución, etc. | 1896. |
| 300 ## - DESCRIPCIÓN FÍSICA | |
| Extensión | 78 p. ; |
| Dimensiones | 23 cm. |
| 650 #4 - PUNTO DE ACCESO ADICIONAL DE MATERIA--TÉRMINO DE MATERIA | |
| Término de materia o nombre geográfico como elemento de entrada | Transportes ferroviarios- |
| Subdivisión geográfica | España. |
| 9 (RLIN) | 149654 |
| 852 4# - LOCALIZACIÓN | |
| Ubicación | ES-MaACL |
| Número de control de estantería | T-804-F-2 |
| Estatus retirado | Estado de pérdida | Estado de daño | No para préstamo | Colección | Biblioteca de origen | Biblioteca actual | Ubicación en estantería | Fecha de adquisición | Fuente de adquisición | Total de préstamos | Signatura topográfica completa | Código de barras | Visto por última vez | Precio de reemplazo | Tipo de ítem Koha |
|---|---|---|---|---|---|---|---|---|---|---|---|---|---|---|---|
| Colección de folletos | Biblioteca del Ateneo de Madrid | Biblioteca del Ateneo de Madrid | Depósito folletos | 05/06/2015 | T-804-F-2 | 1193835 | 23/02/2023 | 23/02/2023 | Folleto |
